00590 2200229 4500001002100000005001700021008004100038035002400079090002100103100002500124245004700149250001100196260003700207300002500244650002000269850001500289980001500304985000600319986000900325999001300334999001300347YOGYA-0209000000044720090227020343.0 ind  0010-020900000000447 a330.03bMud KlR aMUDA, Ahmad Antoni K aKamus lengkap ekonomicAhmad Antoni K Muda aCet. 1 a[Jakarta]bGitamedia Pressc2003 aviii, 383 hlmc21 cm aEkonomi - kamus aYOPDYOG[B] a26-01-2005 a2 aSofi a04P03685 a04P03686